Stoner.

Збережено в:
Бібліографічні деталі
Автор: Williams, John (autor)
Формат: Невідомо
Мова:Англійська
Опубліковано: Ciudad Autónoma de Buenos Aires, Argentina: Fiordo, 2022.
Редагування:Tercera edición.
Предмети:
Теги: Додати тег
Немає тегів, Будьте першим, хто поставить тег для цього запису!

MARC

LEADER 00000 a2200000 4500
003 CL-VaPUC
005 20230522145324.0
008 230511t2022 ||||| |||| 00| 0 eng d
999 |c 440694  |d 440692 
020 |a 978-987-4178-68-8 
040 |c Pontificia Universidad Católica de Valparaíso 
082 |2 22  |a 813 WIL 2022 
100 |a Williams, John  |9 405633  |e autor 
245 |a Stoner.  
250 |a Tercera edición.  
260 |a Ciudad Autónoma de Buenos Aires, Argentina:  |b Fiordo,   |c 2022. 
300 |a 302 páginas.  
583 |k Catalogador Asistente  |c 20230511 
650 0 |9 265217  |a Novelas estadounidenses  |x Familia de agricultores   |z Siglo 20 
650 0 |9 317168  |a Literatura estadounidense  |x Estudiantes de literatura   |z Siglo 20 
942 |2 ddc  |c BK 
952 |0 0  |1 0  |2 ddc  |4 0  |6 813_000000000000000_WIL_2022  |7 0  |8 A  |9 589949  |a BIBART  |b BIBART  |c GEN  |d 2023-05-10  |e 159  |g 21000.00  |i 5657369  |l 2  |m 1  |o 813 WIL 2022  |p 5657369  |r 2025-03-13  |s 2023-09-07  |t 1  |v 21000.00  |w 2023-05-10  |y BK  |k ART